Estudio metalogénico de la Sierra de Cartagena / (Record no. 76045)

MARC details
000 -LEADER
campo de control de longitud fija 00784nam a2200217 i 4500
001 - NÚMERO DE CONTROL
campo de control 76045
003 - IDENTIFICADOR DE NÚMERO DE CONTROL
campo de control ES-MaACL
005 - FECHA Y HORA DE LA ÚLTIMA TRANSACCIÓN
campo de control 20230906172712.0
007 - CAMPO FIJO DE DESCRIPCIÓN FÍSICA--INFORMACIÓN GENERAL
campo de control de longitud fija t|
008 - DATOS DE LONGITUD FIJA--INFORMACIÓN GENERAL
campo de control de longitud fija 040929s1927 sp ||||1| spa d
080 ## - NÚMERO DE LA CLASIFICACIÓN DECIMAL UNIVERSAL
Número de la Clasificación Decimal Universal 553.07(460:234.1 Cartagena)
100 1# - ENTRADA PRINCIPAL--NOMBRE DE PERSONA
Nombre de persona Guardiola Díez, Ricardo.
9 (RLIN) 60326
245 10 - MENCIÓN DEL TÍTULO
Título Estudio metalogénico de la Sierra de Cartagena /
Mención de responsabilidad, etc. por Ricardo Guardiola.
260 ## - PUBLICACIÓN, DISTRIBUCIÓN, ETC.
Lugar de publicación, distribución, etc. Madrid :
Nombre del editor, distribuidor, etc. Instituto Geológico y Minero de España,
Fecha de publicación, distribución, etc. 1927 (
Fabricante L. Coullant)
300 ## - DESCRIPCIÓN FÍSICA
Extensión 562 p., XV h. de lám.pleg. :
Otras características físicas il. ;
Dimensiones 25 cm.
490 1# - MENCIÓN DE SERIE
Mención de serie Memorias del Instituto Geológico de España
650 #4 - PUNTO DE ACCESO ADICIONAL DE MATERIA--TÉRMINO DE MATERIA
Término de materia o nombre geográfico como elemento de entrada Metalogenia-
Subdivisión geográfica Sierra de Cartagena.
9 (RLIN) 142470
830 0# - PUNTO DE ACCESO ADICIONAL DE SERIE-TÍTULO UNIFORME
Título uniforme Memorias del Instituto Geológico de España
9 (RLIN) 182220
852 ## - LOCALIZACIÓN
Ubicación ES-MaACL
Número de control de estantería B-13101
Holdings
Estatus retirado Estado de pérdida Estado de daño No para préstamo Biblioteca de origen Biblioteca actual Ubicación en estantería Fecha de adquisición Fuente de adquisición Total de préstamos Signatura topográfica completa Código de barras Visto por última vez Precio de reemplazo Tipo de ítem Koha
        Biblioteca del Ateneo de Madrid Biblioteca del Ateneo de Madrid Sala Pardo Bazán 17/01/2008     B-13101 1079585 23/02/2023 23/02/2023 Libro impreso